Statistics for Most Commonly Used Words A-Z

Click here to take the quiz!

General Stats

  • This quiz has been taken 396 times
    (384 since last reset)
  • The average score is 14 of 26

Answer Stats

LetterWord% Correct
NNo
91%
BBe
91%
GGo
90%
DDo
90%
HHe
90%
AAnd
84%
CCan
82%
FFor
81%
TThe
80%
IIn
79%
YYou
74%
OOf
67%
UUp
52%
JJust
50%
WWas
38%
XX-Ray
36%
SSome
33%
QQuite
33%
KKnow
33%
VVery
31%
EEach
27%
LLook
24%
ZZebra
24%
PPeople
20%
MMany
19%
RRound
5%

Score Distribution

Percentile by Number Answered

Percent of People with Each Score

Your Score History

You have not taken this quiz since the last reset